| 000 | 06814 a2200529 4500 | ||
|---|---|---|---|
| 005 | 20080826172730.0 | ||
| 008 | 080826t xxu||||| |||| 00| 0 hin d | ||
| 010 | _aHIN-83198 B-302797-819 | ||
| 020 |
_a9788126715336 _c350.00 |
||
| 035 | _aHN-55544 | ||
| 037 | _bपु.प्र.अ.प्र/प्रका | ||
| 082 | _aउ | ||
| 100 | _aमोरवाल, भगवानदास | ||
| 245 |
_aरेत / _cभगवानदास मोरवाल |
||
| 246 |
_aRet _bby Bhagwandass Morwal |
||
| 260 |
_aनई दिल्ली _bराजकमल प्रकाशन _c2008 |
||
| 270 |
_a1-बी, नेताजी सुभाष मार्ग _bनई दिल्ली _e110002 |
||
| 300 |
_a324पृ _c22सेमी (सजिल्द) |
||
| 650 | _aहिन्दी उपन्यास | ||
| 650 | _aHindi Novel | ||
| 942 |
_adpl _cHN _2ddc _hउ _m मोरवा |
||
| 999 |
_c11879 _d11879 |
||